| 000 | 00703nam a2200217 u 4500 | ||
|---|---|---|---|
| 005 | 20240228064320.0 | ||
| 008 | 171109s2007 ag r 000 0 spa d | ||
| 020 | _a9789974800359 | ||
| 035 | _aUPN01000221558 | ||
| 049 | _aI | ||
| 050 | 4 |
_aPZ74.1 _bM5.8 |
|
| 245 | 0 | 0 |
_aMitos y leyendas del mundo / _cadap. Alejandra Erbiti ; il. Noemí Blind. |
| 260 |
_aBuenos Aires : _bCadiex International, _c2007. |
||
| 300 |
_a78 p. : _bprincipalmente il. col. |
||
| 440 | 0 | _aHistorias del ayer para los niños de hoy | |
| 650 | 4 |
_aLEYENDAS - _vLITERATURA INFANTIL _919858 |
|
| 650 | 4 |
_aLibros y lectura para niños _92290 |
|
| 700 | 1 |
_aErbiti, Alejandra, _eadap. |
|
| 905 | _aInfantil | ||
| 999 |
_c193655 _d193655 |
||